000 01085nam a22002537a 4500
999 _c65982
_d65982
005 20240530110853.0
008 201102s2020 ua a g b 000 0dara d
017 _a2020/2485
_bمصر. دار الكتب
020 _a9789773195588
040 _aEG-CaGPL
_cEG-CaGPL
082 0 4 _221
_a962.45/
_bم آ
100 0 _aمحمد عبدالكريم احمد
245 1 0 _aاخر ايام البشير :
_bالثورة . المرحلة الانتقالية /
_cمحمد عبدالكريم احمد ، عصام شعبان
250 _aط.1
260 _aالقاهرة :
_bالعربى للنشر و التوزيع،
_c2020
300 _a223 ص. ؛
_c24 سم.
504 _aيشتمل على ارجاعات ببليوجرافية
651 0 7 _2qrmak
_aالسودان
_xتاريخ
_xالثورات
651 0 7 _aالسودان
_xالاحوال السياسية
651 0 7 _aالسودان
_xتاريخ
_yالعصر الحديث
_yعمر البشير
700 0 _aعصام شعبان
_eمؤلف مشارك
942 _2ddc
_cBK